LEADER 01297nam a2200241 i 4500 001 000000173160 003 CaOOAMICUS 005 20081112000000.0 008 081112s1973 it u000 u fre u 013 $a150612 040 $aSeMil$bita 110 2 $aSanta Sede : Congregazione delle Cause dei Santi.$0(OLS)http://semarc/name/399 245 10$aNamurcen. Beatificationis et Canonizationis Servi Dei Columbae Iosephi Marmion, Abbatis Monasterii Maretiolensis, O.S.B., 1858-1923 :$bPositio super scriptis /$cSacra Congregatio pro Causis Sanctorum. 260 $aRomae :$bTypis Guerra et Belli,$c1973. 300 $a322 p. ;$c30 cm. 500 $aTitolo e formulazione di responsabilità presi dalla copertina. - Fondo Card. Giovanni Colombo. 650 4$aMarmion, Columba .$0(OLS)http://semarc/subject/9904 850 $aSeMil 852 $aSeMil$W1$xVenegono$y1$m6W III 37$j124007$B124007$CSeMilBibl$Z2$F138924 $8I 941 1 $a3 961 $aLascito: Colombo Card. Giovanni 996 $6245$aNamurcen. Beatificationis et Canonizationis Servi Dei Columbae Iosephi Marmion, Abbatis Monasterii Maretiolensis, O.S.B., 1858-1923 :$bPositio super scriptis$9(OLS)http://semarc/title/248000 996 $6260$aRomae :$bTypis Guerra et Belli$9(OLS)http://semarc/publisher/34309 LEADER 00870nas a2200205 4500 001 000000352553 003 CaOOAMICUS 005 20221221145124.0 008 221221c20129999po uu 0 0por r 040 $aSeMil$bita 245 00$aArte e património$h[generale di collana]. 264 1$aFátima :$bSantuário de Fátima,$c2012- 300 $av. ;$c28 cm 362 0 $a1(2012)- 830 0$aArte e património.$0(OLS)http://semarc/title/440394 850 $aSeMil 852 $aSeMil$W1$xVenegono$y1$mVedi "Titolo uniforme di collana" per le collocazioni dei singoli volumi$j222888$qSottoscrizione meritevole (omaggio)$B243761$CSeMilBibl$Z2$F243761 $81 996 $6245$aArte e património$h[generale di collana]$9(OLS)http://semarc/title/442420 996 $6264$aFátima :$bSantuário de Fátima$9(OLS)http://semarc/publisher/31578